| 000 | 00588nam a2200217 a 4500 | ||
|---|---|---|---|
| 001 | BRL_814 | ||
| 005 | 20190320210916.0 | ||
| 008 | 091013s1982----mx-#######---#000-1#spa-# | ||
| 041 | _aspa | ||
| 044 | _amx | ||
| 050 | 4 |
_aPQ7297 _b.C37 1982 |
|
| 100 | 1 |
_aCasahonda Castillo, José _925025 |
|
| 245 | 1 | 0 |
_aLa muerte de Corisandra _cJosé Casahonda Castillo. |
| 260 |
_aTuxtla Gutierrez, Chiapas _bCeiba _c1982 |
||
| 300 |
_a35 p. _c21 cm. |
||
| 500 | _aIncluye dedicatoria a Ruth Lechuga | ||
| 500 | _aAu913 | ||
| 650 | 1 | 4 |
_aLiteratura mexicana _910506 |
| 902 | _aGRL | ||
| 942 |
_2lcc _cB |
||
| 999 |
_c9626 _d9626 |
||